000 00536nam a2200169Ia 4500
999 _c35365
_d35365
003 OSt
005 20201216114217.0
008 190216s9999||||xx |||||||||||||| ||und||
040 _coclc
082 _a629
_bTAK/T
100 _aTakagishi, Kiyoshi
_97576
245 4 _aThe Children`s Treasury Of Knowledge :
_bTransport /
_cKiyoshi Takagishi
260 _bTime Life International,
_c1975.
_aNederland:
300 _a111p
650 _aChildren`S Treasury Of Knowledge
942 _cREF
_2ddc
_h629
_iTAK/T
_k629
_mTAK/T